<?xml version="1.0" encoding="UTF-8"?>
<collection xmlns="http://www.loc.gov/MARC21/slim">
 <record>
  <leader>     na                 </leader>
  <controlfield tag="001">INLIS000000000012367</controlfield>
  <controlfield tag="005">20180105094031.0</controlfield>
  <controlfield tag="006">a           ||| | </controlfield>
  <controlfield tag="008">180719|                      ||| |      </controlfield>
  <datafield tag="020" ind1=" " ind2=" ">
   <subfield code="a">978-602-7973-312</subfield>
  </datafield>
  <datafield tag="035" ind1=" " ind2=" ">
   <subfield code="a">0010-071700000000013</subfield>
  </datafield>
  <datafield tag="090" ind1=" " ind2=" ">
   <subfield code="a">070.92 ASE p</subfield>
  </datafield>
  <datafield tag="100" ind1="0" ind2=" ">
   <subfield code="a">Prof.Dr. Asep Saeful Muhtadi, M.A.</subfield>
  </datafield>
  <datafield tag="245" ind1="0" ind2="0">
   <subfield code="a">Pengantar Ilmu Jurnalistik</subfield>
  </datafield>
  <datafield tag="250" ind1=" " ind2=" ">
   <subfield code="a">Cet.1</subfield>
  </datafield>
  <datafield tag="260" ind1=" " ind2=" ">
   <subfield code="a">Bandung</subfield>
   <subfield code="b">Simbiosa Rekatama Media</subfield>
   <subfield code="c">2016</subfield>
  </datafield>
  <datafield tag="990" ind1=" " ind2=" ">
   <subfield code="a">1408/PC/2017</subfield>
  </datafield>
  <datafield tag="990" ind1=" " ind2=" ">
   <subfield code="a">1408/PC/2017</subfield>
  </datafield>
  <datafield tag="990" ind1=" " ind2=" ">
   <subfield code="a">1410/PC/2017</subfield>
  </datafield>
  <datafield tag="990" ind1=" " ind2=" ">
   <subfield code="a">1410/PC/2017</subfield>
  </datafield>
  <datafield tag="990" ind1=" " ind2=" ">
   <subfield code="a">1408/PC/2017</subfield>
  </datafield>
 </record>
</collection>
